|
|
|
|
| LEADER |
00559cam a2200169 7i4500 |
| 001 |
0000032620 |
| 005 |
20131009090000.0 |
| 020 |
# |
0 |
|a 0471134775
|
| 090 |
0 |
0 |
|a QC 457
|b M623 2003
|
| 100 |
1 |
# |
|a Michaelian, Kirk H.
|
| 245 |
0 |
0 |
|a Photoacoustic infrared spectroscopy
|c by Kirk H. Michaelian.
|
| 260 |
# |
# |
|a Hoboken, N.J.:
|b Wiley-Interscience,
|c 2003.
|
| 300 |
# |
# |
|a xii, 335 p.:
|b ill.;
|c 24 cm..
|
| 590 |
# |
# |
|a Rujukan Kursus Jabatan Sains Fizik
|
| 650 |
0 |
0 |
|a Optoacoustic spectroscopy
|
| 650 |
0 |
0 |
|a Infrared spectroscopy
|
| 999 |
|
|
|a 1100016750
|b Book
|c Open Shelf
|e KOLEKSI TERBUKA
|